Państwa w których żyje najwięcej Białorusinów - Statystyki

Ogólne statystyki
  • Ten quiz został rozwiązany 79 razy
  • Średni wynik to 17 z 20
Statystyki odpowiedzi
Lp. Liczba Białorusinów Państwo % Poprawnych
5. 105 404 Polska
100%
1. 7 990 000 Białoruś
99%
3. 521 443 Rosja
99%
4. 275 763 Ukraina
99%
9. 60 000 Litwa
96%
8. 60 445 Łotwa
95%
2. 768 000 Stany Zjednoczone
95%
14. 11 828 Estonia
93%
7. 61 000 Niemcy
88%
12. 15 565 Kanada
87%
17. 7 500 Francja
84%
18. 7 000 Wielka Brytania
84%
20. 5 828 Hiszpania
82%
15. 10 054 Słowacja
82%
10. 31 000 Czechy
79%
16. 8 529 Włochy
76%
6. 66 476 Kazachstan
70%
13. 12 100 Brazylia
64%
11. 20 000 Mołdawia
59%
19. 7 000 Argentyna
50%
Nie znaleziono quizów pasujących do podanych kryteriów
Rozkład punktacji
Procent ludzi z każdym wynikiem
Percentyl według liczby udzielonych odpowiedzi
Twoja historia wyników
Nie rozwiązałeś tego quizu